000 00732nam a2200241Ia 4500
005 20260121112647.0
008 7779 260114s9999 xx 000 0 eng d
020 _a9789812772763
037 _aEBOOK
040 _aCRL
_beng
_cCRL
041 _aeng
_2eng
084 _qCRL
100 _aLi Jian Ping Et Al
_9961181
245 0 _aWavelet Active Media Technology and Information Processing In 2 Volumes - Proceedings of the International Computer Conference 2006
260 _bWorld Scientific
260 _bWSPC
260 _c2006
650 _aComputer Science
_9961182
856 _uhttps://www.worldscientific.com/worldscibooks/10.1142/6251#t=toc
942 _cEBOOK
999 _c1545079
_d1545079